भारताचे संविधान (१०६ व्या सुधारणेपर्यंत अद्ययावत): The Constitution of India (Record no. 1215277)

MARC details
000 -LEADER
fixed length control field 00701nam a22002177a 4500
003 - CONTROL NUMBER IDENTIFIER
control field OSt
005 - DATE AND TIME OF LATEST TRANSACTION
control field 20260130161346.0
008 - FIXED-LENGTH DATA ELEMENTS--GENERAL INFORMATION
fixed length control field 260130b |||||||| |||| 00| 0 eng d
020 ## - INTERNATIONAL STANDARD BOOK NUMBER
International Standard Book Number 9789394907096
037 ## - SOURCE OF ACQUISITION
Stock number 6358
Source of stock number/acquisition Bharati Madhyavarti Sahakari Grahak Bhandar Pune
040 ## - CATALOGING SOURCE
Transcribing agency NLK
041 ## - LANGUAGE CODE
Language code of text/sound track or separate title Marathi
050 ## - LIBRARY OF CONGRESS CALL NUMBER
Classification number 342.54
Item number CHA
100 ## - MAIN ENTRY--PERSONAL NAME
Personal name Choudhari Rajesh Ashok
245 ## - TITLE STATEMENT
Title भारताचे संविधान (१०६ व्या सुधारणेपर्यंत अद्ययावत): The Constitution of India
250 ## - EDITION STATEMENT
Edition statement 18
260 ## - PUBLICATION, DISTRIBUTION, ETC.
Place of publication, distribution, etc. Pune
Name of publisher, distributor, etc. Choudhai Law Puplisher
Date of publication, distribution, etc. 2025
300 ## - PHYSICAL DESCRIPTION
Extent 420
650 ## - SUBJECT ADDED ENTRY--TOPICAL TERM
Topical term or geographic name entry element Constitution of India
942 ## - ADDED ENTRY ELEMENTS (KOHA)
Source of classification or shelving scheme Dewey Decimal Classification
Koha item type Textbook
Suppress in OPAC No
Holdings
Withdrawn status Lost status Source of classification or shelving scheme Damaged status Not for loan Home library Current library Shelving location Date acquired Source of acquisition Cost, normal purchase price Total Checkouts Full call number Barcode Date last seen Date last checked out Price effective from Koha item type
    Dewey Decimal Classification     New Law College, Kolhapur New Law College, Kolhapur Row -3/Rack -5/Shelf -B 16/01/2026 Bharati Madhyavarti Sahakari Grahak Bhandar Pune 440.00 2 342.54/CHA NLK-9971 17/04/2026 13/04/2026 30/01/2026 Textbook
    Dewey Decimal Classification     New Law College, Kolhapur New Law College, Kolhapur Row -3/Rack -5/Shelf -B 16/01/2026 Bharati Madhyavarti Sahakari Grahak Bhandar Pune 440.00   342.54/CHA NLK-9972 30/01/2026   30/01/2026 Textbook
    Dewey Decimal Classification     New Law College, Kolhapur New Law College, Kolhapur Row -3/Rack -5/Shelf -B 16/01/2026 Bharati Madhyavarti Sahakari Grahak Bhandar Pune 440.00   342.54/CHA NLK-FYLC-1268 05/02/2026   05/02/2026 Textbook
    Dewey Decimal Classification     New Law College, Kolhapur New Law College, Kolhapur Row -3/Rack -5/Shelf -B 16/01/2026 Bharati Madhyavarti Sahakari Grahak Bhandar Pune 440.00   342.54/CHA NLK-FYLC-1269 05/02/2026   05/02/2026 Textbook